<?xml version="1.0" encoding="UTF-8"?>
<record
    xmlns:xsi="http://www.w3.org/2001/XMLSchema-instance"
    xsi:schemaLocation="http://www.loc.gov/MARC21/slim http://www.loc.gov/standards/marcxml/schema/MARC21slim.xsd"
    xmlns="http://www.loc.gov/MARC21/slim">

  <leader>01100nam a22001457a 4500</leader>
  <controlfield tag="008">181205b        xxu||||| |||| 00| 0 eng d</controlfield>
  <datafield tag="020" ind1=" " ind2=" ">
    <subfield code="a">9968997617</subfield>
  </datafield>
  <datafield tag="082" ind1=" " ind2=" ">
    <subfield code="a">708</subfield>
    <subfield code="b">M961m</subfield>
  </datafield>
  <datafield tag="100" ind1=" " ind2=" ">
    <subfield code="a">D&#xED;az Bringas, Tamara y Quir&#xF3;s, Luis Fernando</subfield>
    <subfield code="9">6838</subfield>
  </datafield>
  <datafield tag="245" ind1=" " ind2=" ">
    <subfield code="a">Multiple</subfield>
  </datafield>
  <datafield tag="260" ind1=" " ind2=" ">
    <subfield code="a">San Jos&#xE9;, Costa Rica</subfield>
    <subfield code="b">TEOR/&#xE9;Tica</subfield>
    <subfield code="c">2001</subfield>
  </datafield>
  <datafield tag="300" ind1=" " ind2=" ">
    <subfield code="a">14 p.</subfield>
    <subfield code="b">il (col).</subfield>
    <subfield code="c">20,2 x 21,5 cm</subfield>
  </datafield>
  <datafield tag="505" ind1=" " ind2=" ">
    <subfield code="r">Herbert Bola&#xF1;os, Rolando Castell&#xF3;n, Sila Chanto, Roc&#xED;o Con, Rolando Faba, Thomas Glassford (M&#xE9;xico), Jos&#xE9; Alberto Hern&#xE1;ndez, Gabriela Jim&#xE9;nez, Priscilla Monge, Rodolfo Morales, Eugenio Murillo, Arturo Papadopolo, Cecilia Paredes, Liliana Porter y alumnos del Queens College, New York: Fabian Berembaum, Heater E. Dunn, Michael's Bookmark, Takuya Fukumoto, Karen Griswold, Ioannis Haldeos,  Liang Mei Huang, Lisa Kalomeris, Soo Young Lee, Peter Lifari, Hojang Liu, Jane Pinchuck, Amy Sinclair, Chris Stuber, Eunno Yoon, Joaqu&#xED;n Rodriguez del Paso, Guillermo Tovar, Henry Vargas, F&#xE1;brica Nacional de Trofeos.</subfield>
    <subfield code="t">Artistas participantes:</subfield>
  </datafield>
  <datafield tag="650" ind1=" " ind2=" ">
    <subfield code="2">Arte contempor&#xE1;neo</subfield>
    <subfield code="v">Arte - exhibiciones </subfield>
    <subfield code="z">Arte - Costa Rica</subfield>
    <subfield code="9">6839</subfield>
  </datafield>
  <datafield tag="999" ind1=" " ind2=" ">
    <subfield code="c">1695</subfield>
    <subfield code="d">1695</subfield>
  </datafield>
  <datafield tag="952" ind1=" " ind2=" ">
    <subfield code="0">0</subfield>
    <subfield code="1">0</subfield>
    <subfield code="2">ddc</subfield>
    <subfield code="4">0</subfield>
    <subfield code="7">0</subfield>
    <subfield code="a">LV</subfield>
    <subfield code="b">LV</subfield>
    <subfield code="c">Colecci&#xF3;n Teor&#xE9;tica</subfield>
    <subfield code="d">2018-12-05</subfield>
    <subfield code="l">0</subfield>
    <subfield code="o">708 M961m</subfield>
    <subfield code="p">002224</subfield>
    <subfield code="r">2018-12-05 00:00:00</subfield>
    <subfield code="w">2018-12-05</subfield>
    <subfield code="y">01</subfield>
  </datafield>
  <datafield tag="952" ind1=" " ind2=" ">
    <subfield code="0">0</subfield>
    <subfield code="1">0</subfield>
    <subfield code="2">ddc</subfield>
    <subfield code="4">0</subfield>
    <subfield code="7">0</subfield>
    <subfield code="a">LV</subfield>
    <subfield code="b">LV</subfield>
    <subfield code="c">Colecci&#xF3;n Teor&#xE9;tica</subfield>
    <subfield code="d">2018-12-05</subfield>
    <subfield code="l">0</subfield>
    <subfield code="o">708 M961m</subfield>
    <subfield code="p">002228</subfield>
    <subfield code="r">2018-12-05 00:00:00</subfield>
    <subfield code="w">2018-12-05</subfield>
    <subfield code="y">01</subfield>
  </datafield>
</record>
